Quiz sur les Expressions Normandes - Statistiques

Statistiques générales
  • Ce quiz a été pris 74 fois
  • Le résultat moyen est 6 sur 20
Statistiques - réponses
Normand Français % Correct
La vaque La vache
94%
Le cheva Le cheval
94%
Octobe Octobre
84%
Le quin Le chien
60%
La nige La neige
59%
La bérouette La brouette
49%
Le calendos Le Camembert
46%
Le gâ' Le garçon
40%
La granne La graine
21%
Le tran Le train
16%
L'acat L'achat
6%
Câod Chaud
2%
Fyir Fier
2%
Lochi Secouer
2%
Brésili Briser
0%
La trache La recherche
0%
Le havet Le grappin
0%
Le vi Le gui
0%
Le noirot Le pingouin
0%
Aguêne Repu
0%
Aucun quiz correspondant
Distribution des résultats
% des personnes avec chaque résultat
Percentile par nombre de réponses
Votre historique - résultats
Vous n’avez pas pris ce quiz